000 00353nam a2200145Ia 4500
008 210716s2004 xx 000 0 und d
041 _aeng
082 _a621.382 CHIJ
100 _aChitode, J S.
245 _aDigital communication.
250 _a2
260 _aPune
_bTechnical Publications
_c2004
300 _axii,355
650 _aDigital Systems
999 _c186312
_d186312